Текст томруулах:    
Fundamentals of corporate finance (Бичлэгийн дугаар. 145464)
000 -УДИРДЛАГА
Удирдлага 01010nam a22003137a 4500
003 - ХЯНАЛТЫН ТОО ТОДОРХОЙЛОГЧ
Код MN-UlNUM
005 - БИЧИЛТ ХИЙСЭН ОГНОО
Тухайн бичилтийг бичсэн засварласан сүүлийн огноо 20251111133920.0
008 - ЕРӨНХИЙ МЭДЭЭЛЭЛ
Ерөнхий мэдээлэл 251111s2003 maua|||| |||| 001 0 eng |
020 ## - ISBN
ISBN 0072469749
-- 007246982X
-- 0072469870
040 ## - БИЧЛЭГ ҮҮСГЭГЧ БАЙГУУЛЛАГА
Бичлэг үүсгэгч номын сангийн код МУИС-ийн номын сан
084 ## - ББК АНГИЛАЛ
Нэмэлт тусгалт Нэг сэдэвт бүтээл
ББК ангилал 65.050.2
Зохиогчийн гурван тэмдэгт R 80
Мэдлэгийн ялгаа 65 - Эдийн засаг
100 1# - ЗОХИОГЧ
Зохиогчийн нэр Ross, Stephen A.
245 10 - ҮНДСЭН ГАРЧИГ
Номын нэр Fundamentals of corporate finance
Оролцогчдын тухай мэдээ Stephen A. Ross, Randolph W. Westerfield, Bradford D. Jordan.
250 ## - ДАХИН ХЭВЛЭЛТ
Дахин гаралтын дугаар 6th standard ed.
260 ## - ГАРАЛТЫН МЭДЭЭ
Хэвлэгдсэн газар Boston, Mass. :
Хэвлэлийн газар McGraw-Hill,
Хэвлэгдсэн он 2003.
300 ## - МАТЕРИАЛЫН ТОДОРХОЙЛОЛТ
хуудасны тоо xxxi, 776, 45 p. :
Бусад тоон мэдээлэл col. ill. ;
Хэмжээ 26 cm.
500 ## - Тайлбар
Дансны дугаар БС 2078
546 ## - ХЭЛНИЙ ТУХАЙ МЭДЭЭ
Хэл Англи хэл дээр,
653 ## - Түлхүүр үг
Түлхүүр үг corporations
653 ## - Түлхүүр үг
Түлхүүр үг finance
700 1# - ХАМ ЗОХИОГЧИД
Ба бус Westerfield, Randolph.
700 1# - ХАМ ЗОХИОГЧИД
Ба бус Jordan, Bradford D.
740 ## - НОМЫН ГАРЧИГ
Гарчиг Corporate Finance and the Finanicial Manager
740 ## - НОМЫН ГАРЧИГ
Гарчиг Forms of Business Organization
740 ## - НОМЫН ГАРЧИГ
Гарчиг The Goal of Financial Management
740 ## - НОМЫН ГАРЧИГ
Гарчиг The Agency Problem and Control of the Corporation
942 ## - ЭЛЕМЕНТИЙН ТӨРӨЛ
Зүйлийн төрөл Ном